Insumos para el desarrollo /

Uloženo v:
Podrobná bibliografie
Hlavní autor: Malta Luna, Juan Joseph
Médium: Text
Témata:
Tagy: Přidat tag
Žádné tagy, Buďte první, kdo vytvoří štítek k tomuto záznamu!

MARC

LEADER 00000 a a2200000 04500
001 14311
003
040
100 |a Malta Luna, Juan Joseph  
245 |a Insumos para el desarrollo /  |c Juan Joseph Malta Luna 
650 |a TEORIA DEL DESARROLLO  
650 |a DESARROLLO ECONOMICO  
650 |a POLITICA ECONOMICA  
650 |a DESARROLLO HUMANO  
650 |a CRECIMIENTO ECONOMICO  
650 |a CALIDAD DEL CRECIMIENTO  
773 |g volumen 5, número 55 -56; páginas 81-91  
999 |c 39792  |d 39792